Tìm hiểu một số vấn đề về các phụ thuộc logic trong cơ sở dữ liệu
Các khái niệm chung; Phụ thuộc Boole dương tổng quát; Phụ thuộc Boole dương đa trị.
محفوظ في:
| المؤلف الرئيسي: | |
|---|---|
| مؤلفون آخرون: | |
| التنسيق: | كتاب |
| اللغة: | Vietnamese |
| منشور في: |
Đà Nẵng :
Đại học Đà Nẵng,
2005.
|
| الموضوعات: | |
| الوسوم: |
إضافة وسم
لا توجد وسوم, كن أول من يضع وسما على هذه التسجيلة!
|
| Thư viện lưu trữ: | Mạng thư viện Đại học Đà Nẵng |
|---|
| LEADER | 01467cam a2200373 a 4500 | ||
|---|---|---|---|
| 001 | 000043945 | ||
| 003 | 2079 | ||
| 005 | 20060222102328.0 | ||
| 008 | 010217b2005 vm 000 vie | ||
| 040 | |a LRC |c LRC |d LRC | ||
| 041 | 0 | |a vie | |
| 082 | 1 | 4 | |a 005.75 |b PH-T |
| 100 | 1 | |a Phạm Hồng Thái. | |
| 245 | 1 | 0 | |a Tìm hiểu một số vấn đề về các phụ thuộc logic trong cơ sở dữ liệu |h [Thesis - Luận văn] / |c Phạm Hồng Thái thực hiện; Nguyễn Xuân Huy hướng dẫn. |
| 260 | |a Đà Nẵng : |b Đại học Đà Nẵng, |c 2005. | ||
| 300 | |a iv, 73 tr. : |b mh. ; |c 29 cm + |e 01 tóm tắt. | ||
| 520 | 3 | |a Các khái niệm chung; Phụ thuộc Boole dương tổng quát; Phụ thuộc Boole dương đa trị. | |
| 630 | 0 | 4 | |a Cơ sở dữ liệu. |
| 630 | 0 | 4 | |a Logic. |
| 650 | 0 | 4 | |a Boole |x Công thức. |
| 700 | 1 | |a Nguyễn Xuân Huy, |c PGS.TSKH., |e hướng dẫn. | |
| OWN | |a DUT | ||
| AVA | |a UDN50 |b DUT |c Internal Resources |d 005.75 PH-T |e available |t Error 5001 Not defined in file expand_doc_bib_avail. |f 1 |g 0 |h N |i 0 |j NS |k 1 | ||
| 999 | |a From the UDN01 | ||
| AVA | |a UDN50 |b DUT |c Internal Resources |d 005.75 PH-T |e available |t Error 5001 Not defined in file expand_doc_bib_avail. |f 1 |g 0 |h N |i 0 |j NS |k 1 | ||
| TYP | |a Mixed Materials | ||
| TYP | |a Monograph | ||
| TYP | |a Printed language | ||
| 980 | |a Mạng thư viện Đại học Đà Nẵng | ||